000
00223 a2200097 4500
001
14036
100
_a
Perwaiz Shami
245
_a
Poems patriotic personal
260
_a
Karachi
_b
N Book foundation
_c
090
_c
10993
_d
10993
942
_a
NUST-CAE
_c
M
_c
1106
999
_c
249109
_d
249109